Catálogo

El futuro de la democracia / (Registro nro. 41989)

Detalles MARC
000 -LEADER
fixed length control field 01389cam a2200361 i 4500
001 - CONTROL NUMBER
control field 41989
003 - CONTROL NUMBER IDENTIFIER
control field Mx-PuUPA
005 - DATE AND TIME OF LATEST TRANSACTION
control field 20260212110327.0
008 - FIXED-LENGTH DATA ELEMENTS--GENERAL INFORMATION
fixed length control field 140415s2001 mx gr 001 0 spa d
020 ## - INTERNATIONAL STANDARD BOOK NUMBER
International Standard Book Number 9681665058
040 ## - CATALOGING SOURCE
Original cataloging agency Mx-PuUPA
Language of cataloging spa
Transcribing agency Mx-PuUPA
Modifying agency Mx-PuUPA
Description conventions rda
041 1# - LANGUAGE CODE
Language code of text/sound track or separate title spa
Language code of original ita
100 1# - MAIN ENTRY--PERSONAL NAME
Personal name Bobbio, Norberto,
Dates associated with a name 1909-2004
Relator term autor
9 (RLIN) 2406
240 13 - UNIFORM TITLE
Uniform title Il futuro della democrazia.
Language of a work Español
245 13 - TITLE STATEMENT
Title El futuro de la democracia /
Remainder of title
Statement of responsibility, etc. Norbeto Bobbio ; traducción de José F. Fernández Santillán
250 ## - EDITION STATEMENT
Edition statement Tercera edición
264 #1 - PRODUCTION, PUBLICATION, DISTRIBUTION, MANUFACTURE, AND COPYRIGHT NOTICE
Place of production, publication, distribution, manufacture México, D.F. :
Name of producer, publisher, distributor, manufacturer Fondo de Cultura Económica,
Date of production, publication, distribution, manufacture, or copyright notice 2001
300 ## - PHYSICAL DESCRIPTION
Extent 214 páginas ;
Dimensions 21 cm
336 ## - CONTENT TYPE
Fuente rdacontent
Content type term texto
Content type code txt
337 ## - MEDIA TYPE
Source rdamedia
Media type term sin medio
Media type code n
338 ## - CARRIER TYPE
Source rdacarrier
Carrier type term volumen
Carrier type code nc
490 0# - SERIES STATEMENT
Series statement Colección Política y Derecho
500 ## - GENERAL NOTE
General note Reimpresiones: (primera reimpresión, 2003)
650 #7 - SUBJECT ADDED ENTRY--TOPICAL TERM
Source of heading or term armarc
Topical term or geographic name entry element Democracia
650 #7 - SUBJECT ADDED ENTRY--TOPICAL TERM
Source of heading or term armarc
Topical term or geographic name entry element Democracia
Form subdivision Discursos, ensayos, conferencias
650 #7 - SUBJECT ADDED ENTRY--TOPICAL TERM
Source of heading or term armarc
Topical term or geographic name entry element Liberalismo
700 1# - ADDED ENTRY--PERSONAL NAME
Personal name Fernández Santillán, José F.,
Relator term traductor
765 1# - ORIGINAL LANGUAGE ENTRY
Main entry heading Bobbio, Norberto
Title Il futuro della democrazia
Place, publisher, and date of publication Turín: Giulio Einaudi editore, 1991
International Standard Book Number 8806127640
942 ## - ADDED ENTRY ELEMENTS (KOHA)
Source of classification or shelving scheme Dewey Decimal Classification
Koha item type Libro
Classification part 321.8
Item part B6618
Existencias
Withdrawn status Lost status Source of classification or shelving scheme Damaged status Not for loan Collection code Home library Current library Shelving location Date acquired Source of acquisition Cost, normal purchase price Total Checkouts Full call number Barcode Date last seen Cost, replacement price Price effective from Koha item type
    Dewey Decimal Classification     General Biblioteca Karol Wojtyla Biblioteca Karol Wojtyla Sala general 25/06/2024 Donación 0.00   321.8 B6618 2001 46484 05/01/2026 0.00 03/12/2013 Libro